in Vitro časopis o laboratórnej diagnostike

Bibliographic Details
Other Authors: Martanovičová, Jana (Publishing director), Martausová, Anna (pdd), Šabová, Eva 924 pbd
Format: Journal
Language:Slovak
PhysicalDescription:zv. grafy, obr., tab. 27 cm
Published: Martin Alpha medical 2013-
Martin Unilabs Slovensko s.r.o.
ISSN:1339-5912
Subjects:
Online Access:http://www.alphamedical.sk/sk/Pre-odbornu-verejnost/Casopisy-inVitro.alej

MARC

LEADER 00000cas a2200000 a 4500
001 vtls010587368
003 SK-MaSNL
005 20260228161500.0
008 140403c20139999xo qr|p 0 b0slo
022 |a 1339-5912 
040 |a SVKBB  |b slo  |c SVKBB  |d SNK  |e AACR2 
041 0 |a slo 
044 |a xo  |c SK 
072 7 |a 616  |x Patológia. Klinická medicína  |2 konspekt 
080 |a 616-74/-079  |2 2011 
080 |a 050  |2 2011 
080 |a 001(051)  |2 2011 
210 0 |a In vitro  |b (Martin) 
222 0 |a In vitro  |b (Martin) 
245 0 0 |a in Vitro  |b časopis o laboratórnej diagnostike 
246 1 3 |a inVitro 
260 |a Martin  |b Alpha medical  |c 2013- 
260 |3 2021-  |a Martin  |b Unilabs Slovensko s.r.o. 
300 |a zv.  |b grafy, obr., tab.  |c 27 cm 
310 |a 4x ročne 
362 0 |a Roč. 1, č. 1 (2013)- 
500 |a Evidenčné číslo: EV 4948/14 
500 |a Šéfredaktorka: 2013-1/2019, Jana Martanovičová , 2/2019-?, Anna Martausová; 2021-, Eva Šabová 
500 |a Časopis je indexovaný v Bibliographia medica Slovaca a zaradený do citačnej databázy CiBaMed 
500 |a Jednotlivé čísla obsahujú praktickú príručku zviazanú s materským časopisom: Laboratórna diagnostika 
504 |a Bibliogr. 
650 0 7 |a laboratórna diagnostika  |2 SNKPH  |9 58157 
650 0 7 |a laboratórna medicína  |2 SNKPH  |9 167266 
655 7 |a vedecké časopisy  |2 SNKPH  |9 268699 
700 1 |a Martanovičová, Jana  |4 pbd  |9 268700 
700 1 |a Martausová, Anna  |4 pdd  |9 268701 
700 1 |a Šabová, Eva 924 pbd  |9 268702 
856 4 1 |u http://www.alphamedical.sk/sk/Pre-odbornu-verejnost/Casopisy-inVitro.alej 
856 4 1 |a u https://www.unilabs.sk/clanky-invitro 
910 |a snk 
910 |a svkbb 
916 |a 2013-2016, 2017-2020 
999 |c 5502  |d 7432 
952 |t č. 3-4  |a SNK  |b SNK  |y PREZ  |7 0  |p 17A1431415  |o snkČSB 6228/6/2018/2 D1  |i snk2020/13000  |8 0  |0 0  |1 0  |4 0  |d 2020-07-21  |l 1  |r 2026-03-12 15:23:27  |s 2026-03-11  |w 2026-02-21 
952 |t č. 1-2  |a SNK  |b SNK  |y PREZ  |7 0  |p 17A1431416  |o snkČSB 6228/6/2018/1 D1  |i snk2020/12999  |8 0  |0 0  |1 0  |4 0  |d 2020-07-21  |l 0  |r 2026-02-21 19:30:42  |w 2026-02-21 
952 |t č. 1-2  |a SNK  |b SNK  |y PREZ  |7 0  |p 17A1431414  |o snkČSB 6228/7/2019/1 D1  |i snk2020/13001  |8 0  |0 0  |1 0  |4 0  |d 2020-07-21  |l 0  |r 2026-02-21 19:30:53  |w 2026-02-21 
952 |t č. 1-2  |a SNK  |b SNK  |y PREZ  |7 0  |p 17A1434126  |o snkČSB 6228/8/2020  |i snk2021/5739  |8 0  |f 1  |0 0  |1 0  |4 0  |d 2021-05-26  |l 0  |r 2026-02-21 19:41:05  |w 2026-02-21 
952 |t č. 1-3  |a SNK  |b SNK  |y PREZ  |7 0  |p 17A1520951  |o snkČSB 6228/9/2021  |i snk2023/10211  |8 0  |0 0  |1 0  |4 0  |d 2023-06-28  |l 0  |r 2026-02-21 19:50:34  |w 2026-02-21 
952 |t č. 1-3  |a SNK  |b SNK  |y PREZ  |7 0  |p 17A1520952  |o snkČSB 6228/10/2022  |i snk2023/10212  |8 0  |0 0  |1 0  |4 0  |d 2023-06-28  |l 0  |r 2026-02-21 19:50:34  |w 2026-02-21 
952 |t č. 1-2  |a SNK  |b SNK  |y PREZ  |7 0  |p 17A1465376  |o snkČSB 6228/8/2020 D1  |i snk2023/1801  |8 0  |0 0  |1 0  |4 0  |d 2023-01-30  |l 0  |r 2026-02-21 20:04:17  |w 2026-02-21 
952 |t č. 1-3  |a SNK  |b SNK  |y PREZ  |7 0  |p 17A1555891  |o snkČSB 6228/9/2021 D1  |i snk2025/5978  |8 0  |0 0  |1 0  |4 0  |d 2025-04-07  |l 0  |r 2026-02-21 21:11:20  |w 2026-02-21 
952 |t č. 1-3  |a SNK  |b SNK  |y PREZ  |7 0  |p 17A1555892  |o snkČSB 6228/10/2022 D1  |i snk2025/5979  |8 0  |0 0  |1 0  |4 0  |d 2025-04-07  |l 0  |r 2026-02-21 21:11:20  |w 2026-02-21 
952 |t č. 1-2  |a SNK  |b SNK  |y PREZ  |7 0  |p 17A1264648  |o snkČSB 6228/3/2015/1 D1  |i snk2017/20609  |8 0  |0 0  |1 0  |4 0  |d 2017-09-25  |l 0  |r 2026-02-21 21:55:57  |w 2026-02-21 
952 |t č. 3-4  |a SNK  |b SNK  |y PREZ  |7 0  |p 17A1264649  |o snkČSB 6228/3/2015/2 D1  |i snk2017/20610  |8 0  |0 0  |1 0  |4 0  |d 2017-09-25  |l 0  |r 2026-02-21 21:55:57  |w 2026-02-21 
952 |t č. 1-2  |a SNK  |b SNK  |y PREZ  |7 0  |p 17A1264650  |o snkČSB 6228/4/2016/1  |i snk2017/20612  |8 0  |f 1  |0 0  |1 0  |4 0  |d 2017-09-25  |l 0  |r 2026-02-21 21:55:57  |w 2026-02-21 
952 |t č. 3-4  |a SNK  |b SNK  |y PREZ  |7 0  |p 17A1264651  |o snkČSB 6228/4/2016/2  |i snk2017/20613  |8 0  |f 1  |0 0  |1 0  |4 0  |d 2017-09-25  |l 0  |r 2026-02-21 21:55:57  |w 2026-02-21 
952 |t č. 1-2  |a SNK  |b SNK  |y PREZ  |7 0  |p 17A1388392  |o snkČSB 6228/5/2017/1 D1  |i snk2020/9572  |8 0  |0 0  |1 0  |4 0  |d 2020-06-05  |l 0  |r 2026-02-21 22:01:06  |w 2026-02-21 
952 |t č. 3-4  |a SNK  |b SNK  |y PREZ  |7 0  |p 17A1388393  |o snkČSB 6228/5/2017/2 D1  |i snk2020/9629  |8 0  |0 0  |1 0  |4 0  |d 2020-06-05  |l 0  |r 2026-02-21 22:01:06  |w 2026-02-21 
952 |t č. 1-2  |a SNK  |b SNK  |y PREZ  |7 0  |p 17A1388394  |o snkČSB 6228/7/2019/1  |i snk2020/9630  |8 0  |f 1  |0 0  |1 0  |4 0  |d 2020-06-05  |l 0  |r 2026-02-21 22:01:06  |w 2026-02-21 
952 |t č. 3-4  |a SNK  |b SNK  |y PREZ  |7 0  |p 17A1388395  |o snkČSB 6228/7/2019/2  |i snk2020/9632  |8 0  |f 1  |0 0  |1 0  |4 0  |d 2020-06-05  |l 0  |r 2026-02-21 22:01:06  |w 2026-02-21 
952 |t č. 1  |a SNK  |b SNK  |y PREZ  |7 0  |p 17A1202640  |o snkČSB 6228/1/2013  |i snk2016/21154  |8 0  |f 1  |0 0  |1 0  |4 0  |d 2016-09-12  |l 0  |r 2026-02-21 22:03:10  |w 2026-02-21 
952 |t č. 1  |a SNK  |b SNK  |y PREZ  |7 0  |p 17A1202639  |o snkČSB 6228/1/2013 D1  |i snk2016/21157  |8 0  |0 0  |1 0  |4 0  |d 2016-09-12  |l 0  |r 2026-02-21 22:03:10  |w 2026-02-21 
952 |t č. 1-2  |a SNK  |b SNK  |y PREZ  |7 0  |p 17A1202638  |o snkČSB 6228/2/2014/1  |i snk2016/21159  |8 0  |f 1  |0 0  |1 0  |4 0  |d 2016-09-12  |l 0  |r 2026-02-21 22:03:10  |w 2026-02-21 
952 |t č. 3-4  |a SNK  |b SNK  |y PREZ  |7 0  |p 17A1202637  |o snkČSB 6228/2/2014/2  |i snk2016/21162  |8 0  |f 1  |0 0  |1 0  |4 0  |d 2016-09-12  |l 0  |r 2026-02-21 22:03:10  |w 2026-02-21 
952 |t č. 1-2  |a SNK  |b SNK  |y PREZ  |7 0  |p 17A1202634  |o snkČSB 6228/3/2015/1  |i snk2016/21207  |8 0  |f 1  |0 0  |1 0  |4 0  |d 2016-09-12  |l 0  |r 2026-02-21 22:03:11  |w 2026-02-21 
952 |t č. 1-2  |a SNK  |b SNK  |y PREZ  |7 0  |p 17A1202636  |o snkČSB 6228/2/2014/1 D1  |i snk2016/21205  |8 0  |0 0  |1 0  |4 0  |d 2016-09-12  |l 0  |r 2026-02-21 22:03:11  |w 2026-02-21 
952 |t č. 3-4  |a SNK  |b SNK  |y PREZ  |7 0  |p 17A1202635  |o snkČSB 6228/2/2014/2 D1  |i snk2016/21206  |8 0  |0 0  |1 0  |4 0  |d 2016-09-12  |l 0  |r 2026-02-21 22:03:11  |w 2026-02-21 
952 |t č. 3-4  |a SNK  |b SNK  |y PREZ  |7 0  |p 17A1202633  |o snkČSB 6228/3/2015/2  |i snk2016/21210  |8 0  |f 1  |0 0  |1 0  |4 0  |d 2016-09-12  |l 0  |r 2026-02-21 22:03:11  |w 2026-02-21 
952 |t č. 3-4  |a SNK  |b SNK  |y PREZ  |7 0  |p 17A1431413  |o snkČSB 6228/7/2019/2 D1  |i snk2020/13002  |8 0  |0 0  |1 0  |4 0  |d 2020-07-21  |l 0  |r 2026-02-21 22:08:35  |w 2026-02-21 
952 |t č. 1-2  |a SNK  |b SNK  |y PREZ  |7 0  |p 17A1342900  |o snkČSB 6228/4/2016/1 D1  |i snk2019/3999  |8 0  |z Obsahuje praktickú príručku zviazanú s materským časopisom: Laboratórna diagnostika  |0 0  |1 0  |4 0  |d 2019-02-12  |l 0  |r 2026-02-21 22:28:12  |w 2026-02-21 
952 |t č. 3-4  |a SNK  |b SNK  |y PREZ  |7 0  |p 17A1342901  |o snkČSB 6228/4/2016/2 D1  |i snk2019/4001  |8 0  |z Obsahuje praktickú príručku zviazanú s materským časopisom: Laboratórna diagnostika  |0 0  |1 0  |4 0  |d 2019-02-12  |l 0  |r 2026-02-21 22:28:12  |w 2026-02-21 
952 |t č. 1-2  |a SNK  |b SNK  |y PREZ  |7 0  |p 17A1342902  |o snkČSB 6228/5/2017/1  |i snk2019/4021  |8 0  |z Obsahuje praktickú príručku zviazanú s materským časopisom: Laboratórna diagnostika  |f 1  |0 0  |1 0  |4 0  |d 2019-02-12  |l 0  |r 2026-02-21 22:28:13  |w 2026-02-21 
952 |t č. 3-4  |a SNK  |b SNK  |y PREZ  |7 0  |p 17A1342903  |o snkČSB 6228/5/2017/2  |i snk2019/4022  |8 0  |z Obsahuje praktickú príručku zviazanú s materským časopisom: Laboratórna diagnostika  |f 1  |0 0  |1 0  |4 0  |d 2019-02-12  |l 0  |r 2026-02-21 22:28:13  |w 2026-02-21 
952 |t č. 1-2  |a SNK  |b SNK  |y PREZ  |7 0  |p 17A1342904  |o snkČSB 6228/6/2018/1  |i snk2019/4026  |8 0  |z Obsahuje praktickú príručku zviazanú s materským časopisom: Laboratórna diagnostika  |f 1  |0 0  |1 0  |4 0  |d 2019-02-12  |l 0  |r 2026-02-21 22:28:17  |w 2026-02-21 
952 |t č. 3-4  |a SNK  |b SNK  |y PREZ  |7 0  |p 17A1342905  |o snkČSB 6228/6/2018/2  |i snk2019/4027  |8 0  |z Obsahuje praktickú príručku zviazanú s materským časopisom: Laboratórna diagnostika  |f 1  |0 0  |1 0  |4 0  |d 2019-02-12  |l 0  |r 2026-02-21 22:28:17  |w 2026-02-21